Days Before Rodeo - Travis Scott - Statistics

General Stats
  • This quiz has been taken 409 times
  • The average score is 10 of 12
Answer Stats
Track # Answer % Correct
2 Mamacita (feat. Rich Homie Quan & Young Thug)
94%
4 Drugs You Should Try It
93%
1 Days Before Rodeo: The Prayer
88%
3 Quintana Pt. 2 (feat. T.I.)
85%
12 BACC
83%
10 Backyard
83%
7 Zombies
82%
11 Grey
80%
6 Skyfall (feat. Young Thug)
79%
9 Basement Freestyle
74%
8 Sloppy Toppy (feat. Migos & Peewee Longway)
73%
5 Don't Play (feat. The 1975 & Big Sean)
71%
No matching quizzes found
Score Distribution
Percent of People with Each Score
Percentile by Number Answered
Your Score History
You have not taken this quiz